Matemáticas modernas para escuelas secundarias
Gardado en:
| Autor Principal: | |
|---|---|
| Formato: | Libro |
| Idioma: | Lingua castelá |
| Publicado: |
Ciudad de México
Publicaciones Cultural
1969
|
| Subjects: | |
| Tags: |
Engadir etiqueta
Sen Etiquetas, Sexa o primeiro en etiquetar este rexistro!
|
MARC
| LEADER | 00000nam a2200000 a 4500 | ||
|---|---|---|---|
| 001 | UCP1020 | ||
| 003 | CL-VaPUC | ||
| 008 | 990326e19690000MX |||||||||||||||||spa|d | ||
| 082 | 0 | 4 | |a 510 |b RED |2 21 |
| 100 | 0 | |a Redgrave, Persis |e author |9 426747 | |
| 245 | 1 | 0 | |a Matemáticas modernas para escuelas secundarias |
| 300 | |a 2 v | ||
| 942 | |c BK | ||
| 945 | |d 19990326 00:00:00 |a crobeson | ||
| 260 | |a Ciudad de México |b Publicaciones Cultural |c 1969 | ||
| 650 | 0 | |a Matemática |9 260235 | |
| 650 | 0 | |a Números |9 265328 | |
| 650 | 0 | |a Geometría |9 264063 | |
| 650 | 0 | |a Números enteros |9 357374 | |
| 650 | 0 | |a Números racionales |9 316867 | |
| 583 | |a last modification |c 19990326 00:00:00 |k Rodrigo Vera | ||
| 999 | |c 279741 |d 279739 | ||
| 952 | |0 0 |1 0 |4 0 |6 510_000000000000000_RED_1969 |7 0 |8 A |9 319517 |a BIBMAT |b BIBMAT |c E_DIDACT |d 2019-11-20 |h v.1 |i 1333402 |o 510 RED 1969 |p 1333402 |r 2025-01-07 |w 2019-11-20 |y BK |k MAT | ||
| 952 | |0 0 |1 0 |4 0 |6 510_000000000000000_RED_1969 |7 0 |8 A |9 319518 |a BIBMAT |b BIBMAT |c E_DIDACT |d 2019-11-20 |h v.2 |i 1333410 |o 510 RED 1969 |p 1333410 |r 2025-01-07 |w 2019-11-20 |y BK |k MAT | ||